LEADER 00842nam a2200181 i 4500 001 000000100875 003 CaOOAMICUS 005 20180109000000.0 008 180109s1802 it u000 u ita u 013 $a73027 026 $aI.se goin 1.c. (5(4 (3) 1802 (A) 040 $aSeMil$bita 245 10$aTomo 1. 300 $a[2], XXIX, [1], 459, [1] p., VI carte di tav. ripieg. :$bill. calcogr. 773 0 $aFumagalli, Angelo <1728-1804>$tDelle istituzioni diplomatiche di Angelo Fumagalli già abate di S. Ambrogio e presidente dei Cisterciesi. Tomo 1. [-2.].$dMilano : Dalla Stamperia e Fonderia al Genio Tipografico casa Crivelli presso il ponte di S. Marco, n. 1997, 1802.$g1$w()33806 850 $aSeMil 852 $aSeMil$W1$xVenegono$y1$m3T III 4 FA$j57887$B57887$CSeMilBibl$Z2$F68386 $8I 996 $6245$aTomo 1$9(OLS)http://semarc/title/46685 LEADER 01204nam a2200241 i 4500 001 000000110413 003 CaOOAMICUS 005 20021202000000.0 008 021202s1979 cg u000 u fre u 013 $a83094 040 $aSeMil$bita 245 10$aMinistères et services dans l'Eglise :$bactes de la Huitième Semaine Théologique de Kinshasa, 23-28 juillet 1973. 260 $aKinshasa :$bFaculté de Théologie Catholique,$c1979. 300 $a190 p. ;$c24 cm. 500 $aIn testa al front. : Semaines Theologiques de Kinshasa. - Contiene : Annexes. - Fondo Card. C.M. Martini. 650 4$aChiesa cattolica - Ministeri.$0(OLS)http://semarc/subject/6363 700 1 $aSemaine Théologique de Kinshasa <8 ; 1973 ; Kinshasa>.$0(OLS)http://semarc/name/46315 850 $aSeMil 852 $aSeMil$W1$xVenegono$y1$m2D IV 21$j66302$B66302$CSeMilBibl$Z2$F91745 $81 941 1 $a4 961 $aOmaggio: Martini Card. Carlo Maria 996 $6245$aMinistères et services dans l'Eglise :$bactes de la Huitième Semaine Théologique de Kinshasa, 23-28 juillet 1973$9(OLS)http://semarc/title/160514 996 $6260$aKinshasa :$bFaculté de Théologie Catholique$9(OLS)http://semarc/publisher/45057